| 000 | 01402nam0a2200325 4500 | ||
|---|---|---|---|
| 001 | RU\NLR\BIBL_A\012730685 | ||
| 005 | 20260406174639.0 | ||
| 035 | _a(NLR Aleph) 012730685 | ||
| 090 |
_a12970976 _c12970976 |
||
| 100 | _a20220316d1912 |||y0rusy50 ca | ||
| 101 | 0 | _arus | |
| 102 | _aRU | ||
| 105 | _aa g 000 y | ||
| 181 | 0 |
_ai _baxxe |
|
| 182 | 0 | _an | |
| 200 | 1 |
_aКаталог коньков и гимнастических приборов _eсезон 1912-1913 гг. _fРоберт Кенц. Москва |
|
| 203 |
_aТекст _bвизуальный _cнепосредственный |
||
| 210 |
_aМосква _cТ-во скоропеч. А. Левенсон _d1912 |
||
| 215 |
_aII, 28, [6] с. _cил. _d25 |
||
| 300 | _aБез тит.л. Описано по обл. | ||
| 300 | _aЗаглавие на с. I: "Коньки и гимнастические приборы" : иллюстрированный каталог | ||
| 514 | 1 |
_aКоньки и гимнастические приборы _eиллюстрированный каталог |
|
| 606 | 1 |
_aКоньки _jКаталоги _92320332 _3RU\NLR\AUTH\6601613099 |
|
| 686 | 1 | _aЧ517.196.19я87 | |
| 686 | 1 | _aЧ517.791.9я87 | |
| 710 | 0 | 0 |
_aКенц, _gР., _hфирма _cМосква _3RU\NLR\AUTH\889942741 _9380500 |
| 852 |
_aNLR _j18.291.3.66 (6) |
||
| 942 | _cBOOK | ||
| 980 | _aNB | ||